Existe el derecho internacional? (Record no. 68526)

MARC details
000 -LEADER
campo de control de longitud fija 00676nam a2200193 i 4500
001 - NÚMERO DE CONTROL
campo de control 68526
003 - IDENTIFICADOR DE NÚMERO DE CONTROL
campo de control ES-MaACL
005 - FECHA Y HORA DE LA ÚLTIMA TRANSACCIÓN
campo de control 20250809024229.0
007 - CAMPO FIJO DE DESCRIPCIÓN FÍSICA--INFORMACIÓN GENERAL
campo de control de longitud fija t|
008 - DATOS DE LONGITUD FIJA--INFORMACIÓN GENERAL
campo de control de longitud fija 960806s1900 uy |||| | spa d
100 1# - ENTRADA PRINCIPAL--NOMBRE DE PERSONA
Nombre de persona García-Ontiveros y Laplana, Felipe.
9 (RLIN) 55050
245 10 - MENCIÓN DEL TÍTULO
Título Existe el derecho internacional?
Resto del título : conferencia dada en el Ateneo de Montevideo ... /
Mención de responsabilidad, etc. por Felipe García-Ontiveros y Laplana ...
260 ## - PUBLICACIÓN, DISTRIBUCIÓN, ETC.
Lugar de publicación, distribución, etc. Montevideo :
Nombre del editor, distribuidor, etc. [s.n.],
Fecha de publicación, distribución, etc. 1900 (
Fabricante Imp. y Litografía "La razón")
300 ## - DESCRIPCIÓN FÍSICA
Extensión 29 p. ;
Dimensiones 27 cm.
650 07 - PUNTO DE ACCESO ADICIONAL DE MATERIA--TÉRMINO DE MATERIA
Término de materia o nombre geográfico como elemento de entrada Derecho internacional
Fuente del encabezamiento o término embne
9 (RLIN) 11717
710 2# - ENTRADA AGREGADA--NOMBRE DE ENTIDAD CORPORATIVA
Nombre de entidad corporativa o nombre de jurisdicción como elemento de entrada Ateneo de Montevideo.
9 (RLIN) 2017
852 ## - LOCALIZACIÓN
Ubicación ES-MaACL
Número de control de estantería T-980-F-8
Holdings
Estatus retirado Estado de pérdida Estado de daño No para préstamo Colección Biblioteca de origen Biblioteca actual Ubicación en estantería Fecha de adquisición Fuente de adquisición Total de préstamos Signatura topográfica completa Código de barras Visto por última vez Precio de reemplazo Tipo de ítem Koha
        Colección de folletos Biblioteca del Ateneo de Madrid Biblioteca del Ateneo de Madrid Depósito folletos 17/01/2008     T-980-F-8 1071736 23/02/2023 23/02/2023 Folleto